L'ensenyament de la prehistoria a la xarxa de museus locals de la Diputació de Barcelona
Descripción Física:
1 f. plegat en 3 parts : il. col., fot. ; 32 x 35 cm plegat a 21 x 15 cm
Materias:
Prehistoria -- Ensenyament
MARC
| LEADER | 00000nam a2200000Ia 4500 | ||
|---|---|---|---|
| 001 | 23656 | ||
| 008 | 160829s2012 xx 000 0 cat d | ||
| 080 | |a FU-61-85 | ||
| 245 | |a L'ensenyament de la prehistoria a la xarxa de museus locals de la Diputació de Barcelona | ||
| 260 | |a Barcelona : |b Diputació de Barcelona. Àrea de Coneixement i Noves Tecnologies, |c 2012 | ||
| 300 | |a 1 f. plegat en 3 parts : |b il. col., fot. ; |c 32 x 35 cm plegat a 21 x 15 cm | ||
| 650 | |a Prehistoria |x Ensenyament |9 50063 | ||
| 710 | 1 | |a Barcelona (Catalunya : Província). |b Xarxa de Museus Locals |9 52963 | |
| 710 | 1 | |a Barcelona (Catalunya : Província). |b Àrea de Coneixement i Noves Tecnologies |9 53062 | |
| 901 | |a Arxiu | ||
| 942 | |n 1 | ||
| 952 | |0 0 |1 0 |4 0 |6 FU6185 |7 1 |9 55763 |a Arxiu |b Arxiu |d 2016-12-01 |l 0 |o FU-61-85 |p 23656 |r 2016-12-01 00:00:00 |w 2016-12-01 |y ARXIU | ||
| 999 | |c 59636 |d 59636 | ||